| Поле | Инд. | ПП | Название | Значение |
|---|---|---|---|---|
| Тип записи | a | |||
| Библиографический уровень | b | |||
| 001 | Контрольный номер | RU/IS/BASE/267799550 | ||
| 005 | Дата корректировки | 20200608194408.4 | ||
| 008 | Кодируемые данные | 20080626 | ||
| 040 | b | Код языка каталог. | rus | |
| e | Правила каталог. | PSBO | ||
| 041 | 0_ | a | Код языка текста | rus |
| 084 | a | Индекс другой классификации/Индекс ББК | 83.3(2=411.2)5-004 | |
| 100 | 1_ | a | Автор | Нестерова Т. П. |
| 245 | 10 | a | Заглавие | О бояно-оссиановских связях в русской поэзии первой трети XIX в. |
| 504 | a | Библиография | Библиогр.: с. 36 | |
| 650 | 04 | a | Основная рубрика | история литературы |
| a | Основная рубрика | литературоведение | ||
| a | Основная рубрика | филологические науки | ||
| 653 | 1_ | a | Ключевые слова | XIX век |
| a | Ключевые слова | Боян | ||
| a | Ключевые слова | литературные герои | ||
| a | Ключевые слова | национальное самосознание | ||
| a | Ключевые слова | Оссиан | ||
| a | Ключевые слова | оссианизм | ||
| a | Ключевые слова | поэзия | ||
| a | Ключевые слова | Россия | ||
| a | Ключевые слова | русская литература | ||
| 773 | 08 | t | Заглавие источника | Вестник Московского университета. Серия 9, Филология |
| d | Дата издания источника | 2007 | ||
| g | Прочая информация | № 6. - С. 30 - 36 | ||
| w | Контрольный № источника | RU/IS/BASE/261756589 | ||
| 901 | t | Тип документа | b |